000 00974nam a2200301 a 4500
008
020 _a9780335212439 (Paperback)
040 _aNUST
_cNUST
049 _aMAIN
090 _aR726.8
_bPAL
245 1 0 _aPalliative carenursing :
_principles and evidence for practice /
_cedited by Sheila Payne, Jane Seymour and Christine Ingleton
260 _aBerkshire :
_bOpen University Press,
_cc 2004.
300 _axii, 791 pages :
_billustrations ;
_c23 cm.
336 _atext
_2rdacontent
337 _aunmediated
_2rdamedia
338 _avolume
_2rdacarrier
500 _aIncludes index.
504 _aInclude bibliographical reference.
650 _aClinical competence.
650 1 _aPalliative treatment.
700 _aPayne, Sheila
700 _aSeymour, Jane
700 _aIngleton, Christine
907 _a.b10409348
_b09-09-21
_c09-09-21
003
005 20230120204318.0
942 _cBOOKS
_kR726.8
_mPAL
999 _c120962
_d120962